000
00247nam a22000977a 4500
082
_a
621.3848,FIE'L
245
_a
FIELD ARTILLERY RADAR SYSTEM,FM6-161
260
_a
WASHINGTON
_b
HEADQUARTERS ARMY
_c
1984
300
_b
FIELD MANUAL 6-161
942
_c
BK
999
_c
581472
_d
581472